Music Quiz

Random Music or Song Quiz
Score 0/26 Timer 08:00
0 Plays Today
Opening Line Song % Correct
'In the day we sweat it out on the streets of a runaway American dream'Born to Run
96.3%
'Born down in a dead man's town'Born in the U.S.A.
94.5%
'The screen door slams, Mary's dress waves'Thunder Road
89.1%
'Got a wife and kids in Baltimore jack, I went out for a ride and I never went back'Hungry Heart
86.9%
'Well they blew up the chicken man in Philly last night'Atlantic City
85.2%
'I come from down in the valley, where mister when you're young'The River
84.3%
'The Rangers had a homecoming in Harlem late last night'Jungleland
82.7%
'I get up in the evening, and I ain't got nothing to say'Dancing in the Dark
81.5%
'Can't see nothing in front of me, Can't see nothing coming up behind'The Rising
74.3%
'On a rattlesnake speedway in the Utah desert'The Promised Land
67.6%
'I was tryin' to find my way home, but all I heard was a drone'Radio Nowhere
60.1%
'Here in Northeast Ohio, back in 1803'Youngstown
54.2%
'I hold you in my arms as the band plays'Brilliant Disguise
53.9%
Opening Line Song % Correct
'Put on your best dress baby, and darling fix your hair up right'Out in the Street
53.6%
'I had a job, I had a girl, I had something going in this world'Downbound Train
53.5%
'I got a coin in my palm, I can make it disappear'Magic
52.2%
'Spanish Johnny drove in from the underwold last night'Incident on 57th Street
50.9%
'Princess cards she sends me with her regards'For You
50.6%
'The ragamuffin gunner is returning home like a hungry runaway'Lost in the Flood
43.9%
'Out here the nights are long, the days are lonely'Working on a Dream
42.4%
'Seen a man standing over a dead dog, by the highway in a ditch'Reason to Believe
39.2%
'Her brains they rattle and her bones they shake'Thundercrack
36.1%
'I got my finger on the trigger, but I don't know who to trust'Devils and Dust
36%
'I'm riding down Kingsley, figuring I'll get a drink'Something in the Night
35.1%
'The sky was falling and streaked with blood'Into the Fire
30.4%
'The machinist climbs his ferris wheel like a brave'Wild Billy's Circus Story
28.6%

You're not logged in!

Compare scores with friends on all Sporcle quizzes.
OR
Log In

Sporcle TV

Today on Sporcle TV


Watch our educational content, quiz creation guides, and fun videos on Sporcle TV.

Show Comments

Extras

Top Quizzes Today


Score Distribution

Paid Content

Your Account Isn't Verified!

In order to create a playlist on Sporcle, you need to verify the email address you used during registration. Go to your Sporcle Settings to finish the process.

Report this User

Report this user for behavior that violates our Community Guidelines.

Details: